Cuatro cuentos policiales / (Registro nro. 109)
[ vista simple ]
| 000 -LEADER | |
|---|---|
| fixed length control field | 01854nam a22002417a 4500 |
| 003 - CONTROL NUMBER IDENTIFIER | |
| control field | OSt |
| 005 - DATE AND TIME OF LATEST TRANSACTION | |
| control field | 20250228110751.0 |
| 008 - FIXED-LENGTH DATA ELEMENTS--GENERAL INFORMATION | |
| fixed length control field | 231010s2015 ag ||||| |||| 00| 1 spa d |
| 020 ## - INTERNATIONAL STANDARD BOOK NUMBER | |
| International Standard Book Number | 9789507533846 |
| 040 ## - CATALOGING SOURCE | |
| Transcribing agency | besoc |
| 245 1# - TITLE STATEMENT | |
| Title | Cuatro cuentos policiales / |
| Statement of responsibility, etc. | Edgar Alan Poe ... [et al.] |
| 260 ## - PUBLICATION, DISTRIBUTION, ETC. | |
| Place of publication, distribution, etc. | Buenos Aires : |
| Name of publisher, distributor, etc. | Cántaro, |
| Date of publication, distribution, etc. | 2015 |
| 300 ## - PHYSICAL DESCRIPTION | |
| Extent | 107 p. |
| 490 ## - SERIES STATEMENT | |
| Series statement | Colección del Mirador |
| 505 0# - FORMATTED CONTENTS NOTE | |
| Formatted contents note | Puertas de acceso -- Los orígenes : el cuento policial clásico -- La evolución hacia el género negro -- Otras tendencias -- La variante latinoamericana -- La obra: La carta robada / Edgar Allan Poe -- El tren desaparecido / Arthur Conan Doyle -- Frente de tormenta / Vicente Battista -- El centro de la telaraña / Christian X. Ferdinandus -- Bibliografía.- |
| 520 ## - SUMMARY, ETC. | |
| Summary, etc. | El enigma, la investigación, el desafío que implica el misterio por resolver. Todos estos elementos parecen hacer del policial algo más que un genero narrativo. Lo convierten casi en un juego de ingenio, en el que el lector se convierte en un participante activo del camino hacia la respuesta. <br/>A través del tiempo, el policial clásico ha ido incorporando elementos emergentes de las sociedades en que sus autores escribieron: la violencia, el cinismo, una mirada escéptica de la vida, y hasta el desarrollo de la tecnología.<br/>Con estos cuatro ejemplos, esta antología se propone un simple recorrido por los pasadizos de uno de los géneros considerados masivos, por su popularidad y aceptación por parte de los lectores. [Nota del editor] |
| 650 #4 - SUBJECT ADDED ENTRY--TOPICAL TERM | |
| Topical term or geographic name entry element | Literatura |
| Form subdivision | Cuentos policiales |
| Chronological subdivision | Siglo XIX |
| -- | Siglo XX |
| General subdivision | Colección juvenil |
| 700 1# - ADDED ENTRY--PERSONAL NAME | |
| Personal name | Poe, Edgar Alan |
| Dates associated with a name | (1809-1849) |
| Relator term | autor |
| 700 1# - ADDED ENTRY--PERSONAL NAME | |
| Personal name | Battista, Vicente, |
| Dates associated with a name | (1940-) |
| Relator term | autor |
| 700 1# - ADDED ENTRY--PERSONAL NAME | |
| Personal name | Doyle, Arthur Conan, |
| Dates associated with a name | (1859-1930) |
| Relator term | autor |
| 700 1# - ADDED ENTRY--PERSONAL NAME | |
| Personal name | Ferdinandus, Christian X. |
| Relator term | autor |
| 942 ## - ADDED ENTRY ELEMENTS (KOHA) | |
| Source of classification or shelving scheme | Universal Decimal Classification |
| Koha item type | Obra General |
| Suppress in OPAC | No |
| Withdrawn status | Lost status | Source of classification or shelving scheme | Damaged status | Not for loan | Home library | Current library | Date acquired | Total checkouts | Full call number | Barcode | Date last seen | Price effective from | Koha item type |
|---|---|---|---|---|---|---|---|---|---|---|---|---|---|
| Dewey Decimal Classification | Biblioteca Escuela de Ciencias Sociales | Biblioteca Escuela de Ciencias Sociales | 10/10/2023 | 82-34 C961 | 000602 | 10/10/2023 | 10/10/2023 | Obra General |